00200nam a22000977a 4500999001900000020001500019100001700034245001200051260003200063942000700095 c264723d264722 a0590459163 aMark Teague. aPigsty  aNew YorkbScholasticc1994. cBK